| 000 | 00985nam0a22002531 4500 | ||
|---|---|---|---|
| 001 | rc\4998629 | ||
| 005 | 20250613064539.0 | ||
| 021 |
_aRU _b[69-28864] |
||
| 035 | _a(NLR Aleph) 008991595 | ||
| 090 |
_a9250186 _c9250186 |
||
| 100 | _a20130430d1968 |||y0rusy50 ca | ||
| 101 | 0 | _arus | |
| 102 | _aRU | ||
| 105 | _aa z ||||| | ||
| 200 | 1 |
_aУлучшение качества питьевой воды _e[Учеб. пособие] _fМ-во здравоохранения СССР. Центр. ордена Ленина ин-т усовершенствования врачей. Кафедра коммун. гигиены |
|
| 210 |
_aМосква _cБ. и. _d1968 |
||
| 215 |
_a38 с. _cчерт. _d20 |
||
| 606 |
_aВода питьевая _xУлучшение качества _2psbo |
||
| 700 | 1 |
_aТрахтман _bН.Н. _f1911- _gНадежда Наумовна |
|
| 801 | 0 |
_aRU _bNLR _gpsbo |
|
| 801 | 1 |
_aRU _bELAR _2rusmarc |
|
| 852 |
_aNLR _j69-4/9796 |
||
| 942 | _cBOOK | ||
| 980 | _aNB | ||